|
|
|
|
| LEADER |
00000nam0a2200000 4500 |
| 001 |
361132 |
| 005 |
20231102011346.0 |
| 035 |
|
|
|a (RuTPU)RU\TPU\retro\18458
|
| 035 |
|
|
|a RU\TPU\retro\18373
|
| 090 |
|
|
|a 361132
|
| 100 |
|
|
|a 20210526d1971 k y0rusy50 ca
|
| 101 |
0 |
|
|a rus
|
| 102 |
|
|
|a RU
|
| 105 |
|
|
|a a z 001zy
|
| 200 |
1 |
|
|a Вопросы геологии Бурятии
|e [сборник трудов]
|f Академия наук СССР, Сибирское отделение, Бурятский филиал, Отдел геологии ; отв. ред. С. А. Гурулев
|
| 210 |
|
|
|a Улан-Удэ
|c Бурятское книжное изд-во
|d 1971
|
| 215 |
|
|
|a 132 с.
|c ил.
|
| 225 |
1 |
|
|a Труды отдела геологии
|v Вып. 3(11)
|
| 320 |
|
|
|a Библиогр. в конце ст.
|
| 606 |
1 |
|
|a Геология
|y Бурятия
|2 stltpush
|3 (RuTPU)RU\TPU\subj\72265
|9 85829
|
| 610 |
1 |
|
|a мезозойские структуры
|
| 610 |
1 |
|
|a палеотектоника
|
| 610 |
1 |
|
|a районирование
|
| 610 |
1 |
|
|a глубинное строение
|
| 610 |
1 |
|
|a земная кора
|
| 610 |
1 |
|
|a Витимское нагорье
|
| 610 |
1 |
|
|a Забайкалье
|
| 610 |
1 |
|
|a картирование
|
| 610 |
1 |
|
|a интрузии
|
| 610 |
1 |
|
|a магматизм
|
| 610 |
1 |
|
|a гранитоиды
|
| 675 |
|
|
|a 55(571.54)
|v 4
|
| 702 |
|
1 |
|a Гурулев
|b С. А.
|4 340
|
| 712 |
0 |
2 |
|a Академия наук СССР
|b Сибирское отделение
|b Бурятский филиал
|b Отдел геологии
|2 stltpush
|3 (RuTPU)RU\TPU\col\27748
|
| 801 |
|
1 |
|a RU
|b 63413507
|c 20210524
|
| 801 |
|
2 |
|a RU
|b 63413507
|c 20210526
|g RCR
|
| 942 |
|
|
|c BK
|